The Rajasthan Panchayat samitis and Zila Paraishad Act, 1959 (Act No. 37 of 1959) (Record no. 493547)

000 -LEADER
fixed length control field 00355cam a22001097a 4500
008 - FIXED-LENGTH DATA ELEMENTS--GENERAL INFORMATION
fixed length control field 180718bn.d xxu||||| |||| 00| 0 eng d
082 ## - DEWEY DECIMAL CLASSIFICATION NUMBER
Classification number B71103x5434 A
100 ## - MAIN ENTRY--PERSONAL NAME
Personal name Rajasthan. Law and Judicial (A) Department
245 ## - TITLE STATEMENT
Title The Rajasthan Panchayat samitis and Zila Paraishad Act, 1959 (Act No. 37 of 1959)
260 ## - PUBLICATION, DISTRIBUTION, ETC.
Place of publication, distribution, etc. Jaipur
Name of publisher, distributor, etc. The author
Date of publication, distribution, etc. n.d
300 ## - PHYSICAL DESCRIPTION
Extent 57p
Holdings
Withdrawn status Lost status Damaged status Not for loan Permanent Location Current Location Date acquired Full call number Barcode Date last seen Price effective from Koha item type
        Indian Institute of Public Administration Indian Institute of Public Administration 2018-08-04 B71103x5434 A GR3029 2018-08-04 2018-08-04 GR

Powered by Koha